| 000 | 01295nam a2200301 c 4500 | ||
|---|---|---|---|
| 003 | BLK | ||
| 005 | 20180422115139.0 | ||
| 008 | 180411b bul|||||r ||||||| ||bul|| | ||
| 010 | _aKNG00190241000 | ||
| 040 | _aBLK | ||
| 041 |
_aBUL _cBUL |
||
| 080 |
_aФренска литература _b821.133.1 _x-31 _z821.133.1-31 |
||
| 100 | 1 |
_aГало, Макс _eпърви автор _9342514 |
|
| 700 | 1 |
_aДънков, Тодор _eпрев. от фр. _9330726 |
|
| 700 | 1 |
_aЦанков, Георги _eс послесл. от _gЦанев, Георги Цанков _9363810 |
|
| 139 |
_aГало, Макс _bГ 18 |
||
| 245 | 1 | 0 |
_aОбител на могъщите _bРоман _cМакс Гало; прев. от фр. Тодор Дънков; с послесл. от Георги Цанков. |
| 257 | _aFRA | ||
| 260 |
_аСофия _bНар. култура _c1986 _fЯмбол : Г. Димитров |
||
| 300 |
_a279 с. _c20 см |
||
| 380 | _aX | ||
| 500 | _aОриг. загл. La demeure des puissants / Max Gallo. - Пълното име на авт. на послесл. е Георги Цанков Цанев. - 38 125 тир. | ||
| 852 | _aЦб 144351 | ||
| 856 | 4 |
_qpdf _u |
|
| 856 | 4 |
_qpdf _u |
|
| 942 |
_cKNG _n0 |
||
| 944 |
_aCR _c13.09.2016 _kКети_Илиева |
||
| 944 |
_aED _c13.09.2016 _kКети_Илиева |
||
| 999 |
_c181342 _d181342 |
||